Echoes of Eerie Encounters (Record no. 369175)
[ view plain ]
| 000 -LEADER | |
|---|---|
| fixed length control field | 01244 a2200157 4500 |
| 003 - CONTROL NUMBER IDENTIFIER | |
| control field | OSt |
| 005 - DATE AND TIME OF LATEST TRANSACTION | |
| control field | 20251128163302.0 |
| 008 - FIXED-LENGTH DATA ELEMENTS--GENERAL INFORMATION | |
| fixed length control field | 251128b |||||||| |||| 00| 0 eng d |
| 020 ## - INTERNATIONAL STANDARD BOOK NUMBER | |
| International Standard Book Number | 9789370039797 |
| 100 ## - MAIN ENTRY--PERSONAL NAME | |
| Personal name | Bond R. |
| 9 (RLIN) | 215544 |
| 245 ## - TITLE STATEMENT | |
| Title | Echoes of Eerie Encounters |
| 260 ## - PUBLICATION, DISTRIBUTION, ETC. (IMPRINT) | |
| Name of publisher, distributor, etc. | Rupa Publication |
| Date of publication, distribution, etc. | 2025 |
| Place of publication, distribution, etc. | Mumbai |
| 300 ## - PHYSICAL DESCRIPTION | |
| Extent | 312pp. |
| 520 ## - SUMMARY, ETC. | |
| Summary, etc. | ‘Something rose out of the bottom of the pool. It looked like a giant snail, but its head was part human, its body and limbs part squid or octopus. An enormous succubus. It stood taller than the man in the pool. A creature soft and slimy, a survivor from our primaeval past.’ <br/><br/> <br/><br/>Take a plunge into Echoes of Eerie Encounters, a collection of Ruskin Bond’s most haunting stories; some bone-chilling and others rib-tickling. Is it ghosts you seek? There are phantom encounters waiting to happen—in abandoned houses, lonesome hill roads, forgotten bars and even the shadows of crowds. Or do you crave the company of murderers and scoundrels? They are here too, holding court with poisons and knives, biding their time. <br/><br/>The darkness beckons, with all the strange things and people that find comfort in it. Journey on… Who knows what you might find… <br/><br/> |
| 942 ## - ADDED ENTRY ELEMENTS (KOHA) | |
| Koha item type | Books |
| Source of classification or shelving scheme | Dewey Decimal Classification |
| Withdrawn status | Lost status | Source of classification or shelving scheme | Damaged status | Not for loan | Collection code | Home library | Current library | Date acquired | Vendor | Cost, normal purchase price | Total Checkouts | Barcode | Date last seen | Date last checked out | Cost, replacement price | Bill Date | Koha item type | Original Barcode |
|---|---|---|---|---|---|---|---|---|---|---|---|---|---|---|---|---|---|---|
| Dewey Decimal Classification | BCA | MKSSS s K.B. Joshi Institute of Information Technology Library | MKSSS s K.B. Joshi Institute of Information Technology Library | 27/11/2025 | 8 | 296.25 | 4 | KBJP-BK-2846 | 01/04/2026 | 31/03/2026 | 395.00 | 27/11/2025 | Books | 2846 |